El desarrollo económico territorial en la política salvadoreña /
Tallennettuna:
| Päätekijä: | |
|---|---|
| Muut tekijät: | |
| Aineistotyyppi: | Teksti |
| Aiheet: | |
| Tagit: |
Lisää tagi
Ei tageja, Lisää ensimmäinen tagi!
|
MARC
| LEADER | 00000 a a2200000 04500 | ||
|---|---|---|---|
| 001 | 5230 | ||
| 003 | |||
| 040 | |||
| 100 | |a Quiteño, Gloria | ||
| 245 | |a El desarrollo económico territorial en la política salvadoreña / |c Gloria Quiteño | ||
| 650 | |a GOBIERNO CENTRAL | ||
| 650 | |a GOBIERNO LOCAL | ||
| 650 | |a POLITICA ECONOMICA | ||
| 650 | |a DESIGUALDAD SOCIAL | ||
| 650 | |a EL SALVADOR | ||
| 650 | |a INDICADORES SOCIALES | ||
| 650 | |a INDICADORES ECONOMICOS | ||
| 650 | |a INDICADORES DE DESARROLLO | ||
| 650 | |a POBREZA | ||
| 700 | |a Vega, Lilian | ||
| 773 | |g volumen 61, número 697 -698; páginas 1117-1156 | ||
| 999 | |c 26519 |d 26519 | ||
| 773 | 0 | |0 18723 |9 2695 |a Universidad Centroamericana José Simeón Cañas (UCA) |d San Salvador, El Salvador Universidad Centroamericana José Simeón |o 02322 |t ECA: | |
